Grundlagenstudien aus Kybernetik und Geisteswissenschaft

Saved in:
Bibliographic Details
Format: Serial
Language:German
Published: Hannover Schroedel 1981
Tags: Add Tag
No Tags, Be the first to tag this record!

MARC

LEADER 00000nas2a22000001 4500
001 s122848
005 20250730114212.5
041 0 |a ger 
044 |a DE 
245 1 0 |a Grundlagenstudien aus Kybernetik und Geisteswissenschaft 
264 1 |a Hannover  |b Schroedel  |c 1981 
300 |a 1 zv. 
773 0 |w eu_un_cat*s121863